A study of life satisfaction in relation to emotional intelligence and sprituality among elder persons of homes & old homes / (Record no. 27055)

MARC details
000 -LEADER
fixed length control field 00504nam a2200133Ia 4500
041 ## - LANGUAGE CODE
Language code of text/sound track or separate title English
082 ## - DEWEY DECIMAL CLASSIFICATION NUMBER
Classification number RP.0321
100 ## - MAIN ENTRY--AUTHOR NAME
Personal name Pareek, Kumkum
Affiliation R.G. (P.G.) College
245 #2 - TITLE STATEMENT
Title A study of life satisfaction in relation to emotional intelligence and sprituality among elder persons of homes & old homes /
Statement of responsibility, etc Kumkum Pareek
260 ## - PUBLICATION, DISTRIBUTION, ETC. (IMPRINT)
Place of publication New Delhi :
Name of publisher/Sponsor Indian Council of Social Science Research,
Year of publication 2013
300 ## - PHYSICAL DESCRIPTION
Number of Pages ii, 224p
650 ## - SUBJECT ADDED ENTRY--TOPICAL TERM
Topical Term Aged-Home care
Form subdivision Old AgeHomes-Activity Programme
942 ## - ADDED ENTRY ELEMENTS (KOHA)
Source of classification or shelving scheme Dewey Decimal Classification
Koha item type Research Reports
Holdings
Withdrawn status Lost status Damaged status Not for loan Collection code Home library Current library Date acquired Source of acquisition Full call number Accession Number Price effective from Koha item type
      Not For Loan Minor Research project Reports NASSDOC Library NASSDOC Library 18/11/2021 Gifted by: RP Division ICSSR RP.0321 51687 20/12/2021 Research Reports